El fenómeno magonista en México y en Estados Unidos, 1905-1908 / (Registro nro. 5710)
[ vista simple ]
| 000 -CABECERA | |
|---|---|
| campo de control de longitud fija | 00910cam a2200229 a 4500 |
| 001 - NÚMERO DE CONTROL | |
| campo de control | 000005914 |
| 005 - FECHA Y HORA DE LA ÚLTIMA TRANSACCIÓN | |
| campo de control | 20200929151834.0 |
| 008 - DATOS DE LONGITUD FIJA--INFORMACIÓN GENERAL | |
| campo de control de longitud fija | 000906s2000 mx a b 001 0 spa |
| 020 ## - NÚMERO INTERNACIONAL ESTÁNDAR DEL LIBRO | |
| Número Internacional Estándar del Libro | 9701843665 |
| 040 ## - FUENTE DE LA CATALOGACIÓN | |
| Centro catalogador/agencia de origen | DO-SdBNP |
| Centro/agencia transcriptor | DLC |
| 043 ## - CÓDIGO DE ÁREA GEOGRÁFICA | |
| Código de área geográfica | n-mx--- |
| -- | n-us--- |
| 082 ## - NÚMERO DE LA CLASIFICACIÓN DECIMAL DEWEY | |
| Número de clasificación | 972.0814 |
| Número de documento/Ítem | E77f |
| 100 1# - ENTRADA PRINCIPAL--NOMBRE DE PERSONA | |
| Nombre de persona | Esparza Valdivia, Ricardo Cuauhtémoc. |
| 9 (RLIN) | 16680 |
| 245 13 - MENCIÓN DE TÍTULO | |
| Título | El fenómeno magonista en México y en Estados Unidos, 1905-1908 / |
| Mención de responsabilidad, etc. | Ricardo Cuauhtémoc Esparza Valdivia. |
| 260 ## - PUBLICACIÓN, DISTRIBUCIÓN, ETC. | |
| Lugar de publicación, distribución, etc. | Zacatecas, México : |
| Nombre del editor, distribuidor, etc. | Centro de Investigaciones Históricas. Universidad Autónoma de Zacatecas, |
| Fecha de publicación, distribución, etc. | 2000. |
| 300 ## - DESCRIPCIÓN FÍSICA | |
| Extensión | 196 p. : |
| Otras características físicas | il. ; |
| Dimensiones | 22 cm. |
| 504 ## - NOTA DE BIBLIOGRAFÍA, ETC. | |
| Nota de bibliografía, etc. | Incluye referencias bibliográficas: (p. 186-196). |
| 651 #4 - PUNTO DE ACCESO ADICIONAL DE MATERIA--NOMBRE GEOGRÁFICO | |
| Nombre geográfico | México |
| Subdivisión general | Historia |
| Subdivisión cronológica | 1867-1910. |
| 9 (RLIN) | 16681 |
| 651 #4 - PUNTO DE ACCESO ADICIONAL DE MATERIA--NOMBRE GEOGRÁFICO | |
| Nombre geográfico | México |
| Subdivisión geográfica | Relaciones Con |
| Subdivisión general | Estados Unidos |
| 9 (RLIN) | 16682 |
| 651 #4 - PUNTO DE ACCESO ADICIONAL DE MATERIA--NOMBRE GEOGRÁFICO | |
| Nombre geográfico | Estados Unidos |
| Subdivisión general | Historia |
| Subdivisión cronológica | 1901-1909. |
| 9 (RLIN) | 16683 |
| 910 ## - DATOS DE OPCIÓN DEL USUARIO (OCLC) | |
| Datos de opción del usuario | Catalogación por copia / LC |
| Estado de retiro | Estado de pérdida | Restricciones de uso | No para préstamo | Código de colección | Localización permanente | Ubicación/localización actual | Ubicación en estantería | Fecha de adquisición | Número de inventario | Total de préstamos | Signatura topográfica completa | Código de barras | Fecha visto por última vez | Precio válido a partir de | Tipo de ítem Koha |
|---|---|---|---|---|---|---|---|---|---|---|---|---|---|---|---|
| Préstamo interno | Monografías: Libros y Folletos | General | General | En catalogación | 24.08.2009 | LF1 | 972.0814 E77f | 5914-10 | 25.06.2020 | 25.06.2020 | Préstamo interno |
